Complétez le mot -- 6 lettres - Statistiques

Statistiques générales
  • Ce quiz a été pris 243 fois
  • Le résultat moyen est 13 sur 15
Statistiques - réponses
Indice % Correct
Continent Eu ro pe
99%
Couleur Vi ol et
98%
Végétal Pl an te
96%
Ville/Etat Mo na co
94%
Bizarre Ch el ou
93%
Rond ou ovale Ba ll on
92%
Soleil Ze ni th
92%
Capitale d'Europe Be rl in
90%
Animal Pi ge on
89%
Boissons Bi èr es
87%
Arme Sn ip er
87%
Hors la loi Ba nd it
85%
Argent Po gn on
83%
Sport Ba sk et
83%
Pays Pa la os
71%
Aucun quiz correspondant
Distribution des résultats
% des personnes avec chaque résultat
Percentile par nombre de réponses
Votre historique - résultats
Vous n’avez pas pris ce quiz